Quattro Pro

Salvato in:
Dettagli Bibliografici
Autore principale: Čermáková, Anna
Natura: Libro
Lingua:ceco
Pubblicazione: České Budějovice Podnik výpočetní techniky 1991
Edizione:1. vyd.
Serie:Edice uživatele PC Sv.11
Soggetti:
Tags: Aggiungi Tag
Nessun Tag, puoi essere il primo ad aggiungerne!!

MARC

LEADER 00000nam a2200000 4500
001 c001121
005 20221214094730.7
020 |a 80-85215-28-4 
041 0 |a cze 
044 |a CZ 
245 1 0 |a Quattro Pro  |c Anna Čermáková 
250 |a 1. vyd. 
264 1 |a České Budějovice  |b Podnik výpočetní techniky  |c 1991 
300 |a 87 s. 
490 1 |a Edice uživatele PC  |v Sv.11 
830 0 |a Edice uživatele PC  |v Sv.11 
610 2 0 |a programy aplikačné 
610 2 0 |a Quattro Pro 
100 1 |a Čermáková, Anna